000 00730nam a2200289Ia 4500
005 20260324132552.0
008 008 260324s9999 xx 000 0 eng d
020 _a9780367810627
037 _aEBOOK
040 _aCRL
040 _beng
040 _cCRL
041 _2eng
041 _aeng
084 _qCRL
100 _aSusan G. Keates; Juliette M. Pasveer
_91189786
245 0 _aModern Quaternary Research in Southeast Asia, Volume 18
245 0 _bQuaternary Research In Indonesia
260 _bTaylor and Francis
260 _c2004
365 _a
365 _b400
856 _uhttp://www.taylorfrancis.com/books/9780367810627
942 _cEBOOK
999 _c1788004
_d1788004